| 000 | 01292cam a22003011i 4500 | ||
|---|---|---|---|
| 003 | SA-RiAUC | ||
| 005 | 20250217083722.0 | ||
| 008 | 250215s1968 ti ab g b 001 0 ara c | ||
| 040 |
_aAE-AiULD _bara _cSA-RiAUC _erda |
||
| 043 | _af-ti--- | ||
| 050 | 4 | _bJ86 1968 | |
| 082 | 0 | 4 |
_a961.18 _qSA-RiAUC |
| 090 |
_a961.18 _b ج ن ح |
||
| 100 | 1 |
_aالجنحاني، الحبيب، _d1943- _eمؤلف. |
|
| 245 | 1 | 2 |
_aالقيروان عبر عصور ازدهار الحضارة الإسلامية في المغرب العربي / _cتأليف الحبيب الجنحاني. |
| 264 | 1 |
_aتونس : _bالدار التونسية للنشر، _c1968 |
|
| 300 |
_a222 صفحة : _bجداول، خرائط ؛ _c24 سم |
||
| 336 |
_aنص _btxt _2rdacontent _3كتاب |
||
| 337 |
_aبدون وسيط _bn _2rdamedia |
||
| 338 |
_aمجلد _bnc _2rdacarrier |
||
| 500 | _aيتشتمل على كشافات. | ||
| 504 | _aببليوجرافية : صفحة 214-220. | ||
| 650 | 7 |
_aالحضارة الإسلامية _zتونس _zالقيروان _2aucsh |
|
| 651 | 7 |
_aالقيروان (تونس) _xتاريخ _2aucsh |
|
| 651 | 7 |
_aالمغرب العربي _xتاريخ _yعصر صدر الإسلام، 610-661 _2aucsh |
|
| 942 |
_2ddc _cBOOK _n0 |
||
| 949 |
_aSA-JeALM _d250215 _umohamedma123 _n1 |
||
| 999 |
_c6038 _d6038 |
||